000 00612nam a2200217 a 4500
005 20210219153045.0
008 991125n 000 0 spa u
035 _aUPN01000075012
100 _aCARRILLO LOPEZ, Roberto
222 _aREVISTA DE LA UNIVERSIDAD DEL VALLE DE ATEMAJAC
245 _aEl aprendizaje y el desarrollo humano como procesos de autogestión
260 _aMéxico
300 _a5-18
362 _a2000 Año 14, no. 37, may.-ago.
653 0 _aALUMNOS
653 0 _aAPRENDIZAJE
653 0 _aDESARROLLO HUMANO
653 0 _aMAESTROS
904 _aAC
_b012823
905 _aArticulo
999 _c67268
_d67268